Explications de plusieurs textes difficiles de l'Écriture : qui jusqu'à présent n'ont été ni bien entendus, ni bien expliquez par les commentateurs : avec des règles certaines pour l'intelligence du sens littéral de l'ancien & du nouveau Testament /

Bibliographic Details
Main Author: Morel, Robert, 1653-1731
Format: Book
Language:French
Published: Paris : Emery, Saugrain, Martin, 1730.
Subjects:

MARC

Tag First Indicator Second Indicator Subfields
LEADER 00000cam a2200000Ii 4500
001 in00002642001
005 20151202121147.0
008 800715s1730 fr a b 001 0 fre d
035 |a (OCoLC)ocm06516417 
035 |a (OCoLC)6516417 
040 |a YSM  |c YSM  |d OCLCQ  |d OCLCG  |d TXA  |d UtOrBLW 
049 |a TXAM 
090 |a BS493  |b .M67 1730 
100 1 |a Morel, Robert,  |d 1653-1731. 
245 1 0 |a Explications de plusieurs textes difficiles de l'Écriture :  |b qui jusqu'à présent n'ont été ni bien entendus, ni bien expliquez par les commentateurs : avec des règles certaines pour l'intelligence du sens littéral de l'ancien & du nouveau Testament /  |c par R.P. Dom *** [as printed]. 
264 1 |a Paris :  |b Emery, Saugrain, Martin,  |c 1730. 
300 |a 2 volumes : 732 pages :  |b illustrations ;  |c 26 cm. 
336 |a text  |b txt  |2 rdacontent 
337 |a unmediated  |b n  |2 rdamedia 
338 |a volume  |b nc  |2 rdacarrier 
500 |a Includes index. 
504 |a Includes bibliographical references. 
630 0 0 |a Bible.  |p Old Testament  |x Criticism, interpretation, etc. 
630 0 0 |a Bible.  |p New Testament  |x Criticism, interpretation, etc. 
948 |a cataloged  |b h  |c 2011/4/28  |d c  |e hgolay  |f 1:46:46 pm 
994 |a C0  |b TXA 
999 |a MARS 
999 f f |s 07534a45-edf9-3f90-8697-3d01f757639d  |i d28270d7-a574-37f5-aead-d397ee5aca96  |t 0 
952 f f |p noncirc  |a Texas A&M University  |b College Station  |c Cushing Memorial Library & Archives  |d Cushing: Dawson French (Does not check out)  |t 0  |e BS493 .M67 1730  |h Library of Congress classification  |i unmediated -- volume  |k t.1/t.2 
998 f f |a BS493 .M67 1730  |s 1.ptie/2.ptie  |t 0  |l Cushing: Dawson French (Does not check out)